<?xml version='1.0' encoding='UTF-8'?>
  <record xmlns="http://www.loc.gov/MARC21/slim">
    <leader>00000cam a22000007i 4500</leader>
    <controlfield tag="001">ocm68838127</controlfield>
    <controlfield tag="003">OCoLC</controlfield>
    <controlfield tag="005">20250211050932.2</controlfield>
    <controlfield tag="008">960123s1681    ne            000 0 dut d</controlfield>
    <datafield tag="040" ind1=" " ind2=" ">
      <subfield code="a">NLGGC</subfield>
      <subfield code="b">dut</subfield>
      <subfield code="e">fobidrtb</subfield>
      <subfield code="c">NLGGC</subfield>
      <subfield code="d">OCLCO</subfield>
      <subfield code="d">OCLCL</subfield>
      <subfield code="d">OCLCQ</subfield>
      <subfield code="d">QGK</subfield>
    </datafield>
    <datafield tag="029" ind1="0" ind2=" ">
      <subfield code="a">NLGGC</subfield>
      <subfield code="b">144874156</subfield>
    </datafield>
    <datafield tag="035" ind1=" " ind2=" ">
      <subfield code="a">(OCoLC)68838127</subfield>
    </datafield>
    <datafield tag="100" ind1="1" ind2=" ">
      <subfield code="a">Pers, Dirck Pietersz,</subfield>
      <subfield code="d">1581-1659</subfield>
      <subfield code="1">https://id.oclc.org/worldcat/entity/E39PBJyGYfjvfVJhP6rKyyqJDq</subfield>
    </datafield>
    <datafield tag="245" ind1="1" ind2="0">
      <subfield code="a">Bellerophon, of lust tot wysheyt: door Sinne-Beelden leerlijck vertoont. :</subfield>
      <subfield code="b">Waer by zijn gevoeght De Vrolijcke Stemmen: of, Stichtige en vermaecklijcke Liedekens en Dichten ... ; Waer by noch konnen ghebonden werden, het Tweede-deel Urania of Hemel-sang, als mede het Derde-deel, Ghesangh der zeden. : doorgaens vermeerdert, en verbetert, en met de alderschoonste voysen op musijcknooten ghepast, en met konst-platen geciert /</subfield>
      <subfield code="c">Dirck Pietersz Pers ; de muzijck door Corn. de Leeuw gecorrigeert.</subfield>
    </datafield>
    <datafield tag="246" ind1="3" ind2=" ">
      <subfield code="a">Urania of Hemel-sang</subfield>
    </datafield>
    <datafield tag="246" ind1="3" ind2=" ">
      <subfield code="a">Ghesangh der zeden</subfield>
    </datafield>
    <datafield tag="260" ind1=" " ind2=" ">
      <subfield code="a">Amsterdam :</subfield>
      <subfield code="b">Wed. van Mich. de Groot,</subfield>
      <subfield code="c">1681.</subfield>
    </datafield>
    <datafield tag="300" ind1=" " ind2=" ">
      <subfield code="a">3 dl. ;</subfield>
      <subfield code="c">16 cm.</subfield>
    </datafield>
    <datafield tag="336" ind1=" " ind2=" ">
      <subfield code="a">tekst</subfield>
      <subfield code="b">txt</subfield>
      <subfield code="2">rdacontent/dut</subfield>
    </datafield>
    <datafield tag="337" ind1=" " ind2=" ">
      <subfield code="a">zonder medium</subfield>
      <subfield code="b">n</subfield>
      <subfield code="2">rdamedia/dut</subfield>
    </datafield>
    <datafield tag="338" ind1=" " ind2=" ">
      <subfield code="a">band</subfield>
      <subfield code="b">nc</subfield>
      <subfield code="2">rdacarrier/dut</subfield>
    </datafield>
    <datafield tag="505" ind1="8" ind2=" ">
      <subfield code="a">Bellerophon,  of Lust tot wysheyt, 1681 -- De laeste vernieuwde Urania of Hemel-sangh: zijnde het II. deel van Bellerophon, of Lust tot wysheyd, 1681 -- Gesangh der zeeden, zijnde het derde deel van Bellerophon, of Lust tot wijsheyd, 1681.</subfield>
    </datafield>
    <datafield tag="510" ind1="0" ind2=" ">
      <subfield code="a">Landwehr (Emblem &amp; fable bks) 631</subfield>
    </datafield>
    <datafield tag="530" ind1=" " ind2=" ">
      <subfield code="a">Titel is geselecteerd voor digitalisering voor de Universiteit van Leiden in het kader van het Google Books-project.</subfield>
    </datafield>
    <datafield tag="700" ind1="1" ind2=" ">
      <subfield code="a">Leeuw, Cornelis de,</subfield>
      <subfield code="d">1613-1664/1665</subfield>
      <subfield code="1">https://id.oclc.org/worldcat/entity/E39PBJktttmfXRj74txjWDycfq</subfield>
    </datafield>
    <datafield tag="710" ind1="0" ind2=" ">
      <subfield code="a">Groot, Michiel de (wed., Amsterdam)</subfield>
      <subfield code="4">prt</subfield>
      <subfield code="0">(NL-LeOCL)07713348X</subfield>
    </datafield>
    <datafield tag="758" ind1=" " ind2=" ">
      <subfield code="a">Bellerophon, of lust tot wysheyt (Text)</subfield>
      <subfield code="1">https://id.oclc.org/worldcat/entity/E39PCFJG4tdH6KDDjP4w8bC7tq</subfield>
      <subfield code="4">https://id.oclc.org/worldcat/ontology/hasWork</subfield>
    </datafield>
    <datafield tag="776" ind1="0" ind2=" ">
      <subfield code="t">Bellerophon, of lust tot wysheyt: door Sinne-Beelden leerlijck vertoont.</subfield>
      <subfield code="w">(NL-LeOCL)411567780</subfield>
    </datafield>
    <datafield tag="776" ind1="0" ind2=" ">
      <subfield code="t">Bellerophon, of lust tot wysheyt: door Sinne-Beelden leerlijck vertoont.</subfield>
      <subfield code="w">(NL-LeOCL)411567799</subfield>
    </datafield>
    <datafield tag="936" ind1=" " ind2=" ">
      <subfield code="a">BATCHLOAD</subfield>
    </datafield>
  </record>